Trendy v bankovním sektoru

Nové požiadavky centrálnych bánk a kapitálového dohľadu na zodpovednosť a transparentnosť riadenia firiem. Rastúca koncentrácia sektoru a konkurencia nebankových firiem. Potreba ďalších investícií do informačných technológií. Rast tlaku na efektívnosť bankovníctva. Úvahy či prijať outsourcing niekto...

Descrizione completa

Salvato in:
Dettagli Bibliografici
Autore principale: Juřík, Pavel
Natura: Capitolo di libro
Lingua:ceco
Soggetti:
Tags: Aggiungi Tag
Nessun Tag, puoi essere il primo ad aggiungerne!!

MARC

LEADER 00000naa$a2200000$$$4500
001 0020380
005 20231010083426.4
041 0 |a cze 
044 |a CZ 
245 1 0 |a Trendy v bankovním sektoru  |c Pavel Juřík 
520 |a Nové požiadavky centrálnych bánk a kapitálového dohľadu na zodpovednosť a transparentnosť riadenia firiem. Rastúca koncentrácia sektoru a konkurencia nebankových firiem. Potreba ďalších investícií do informačných technológií. Rast tlaku na efektívnosť bankovníctva. Úvahy či prijať outsourcing niektorých služieb mimo banky. Oblasť riadenia rizík - nový problém vedenia bánk. Prijatie opatrení: Basel II, Financial sefvices action plan, opatrenia proti praniu špinavých peňazí, medzinárodné účtovné štandardy IFRS. Zmeny v oblasti vzťahov s klientom. Riadenie procesov. Potreba mikromanažmentu. Business intelligence - informácie zameranie na profitabilitu klienta, kanálov a produktov. 
610 2 0 |a bankovníctvo 
610 2 0 |a banky 
610 2 0 |a systémy informačné 
610 2 0 |a opatrenia 
610 2 0 |a technológie informačné 
610 2 0 |a systémy bezpečnostné 
610 2 0 |a risk management 
610 2 0 |a dohľad bankový 
100 1 |a Juřík, Pavel